The specifications and applications of industrial robots in Japan

Wedi'i Gadw mewn:
Manylion Llyfryddiaeth
Fformat: Llyfr
Iaith:Undetermined
Cyhoeddwyd: Tokyo Japan Industrial Robot Association 1982
Pynciau:
Tagiau: Ychwanegu Tag
Dim Tagiau, Byddwch y cyntaf i dagio'r cofnod hwn!
Thư viện lưu trữ: Trung tâm Học liệu Trường Đại học Cần Thơ
LEADER 00483nam a2200169Ia 4500
001 CTU_98242
008 210402s9999 xx 000 0 und d
082 |a 670.427 
082 |b S741 
245 4 |a The specifications and applications of industrial robots in Japan 
260 |a Tokyo 
260 |b Japan Industrial Robot Association 
260 |c 1982 
650 |a Robots, industrial 
650 |z Japan 
904 |i Truc 
980 |a Trung tâm Học liệu Trường Đại học Cần Thơ